00692 a2200181 4500003000500000005001700005010001600022020001800038040000900056082001400065100002300079245006100102250001200163260005100175300003500226505021500261650003400476Nust20221027110259.0 a 85024378 a9788120305991 cNust00a621.3,TOR1 aDel Toro, Vincent.10aElectrical engineering fundamentals /cVincent Del Toro. a2nd ed. aEnglewood Cliffs, NJ :bPrentice-Hall,cc1986. axvii, 921 p. :bill. ;c25 cm. aPart.1 Electric Circuit Theory (Page-24), Part.2 Electronics (Page-333), Part.3 Digital Systems (Page-465), Part.4 Electromechanical Part.5 Energy Conversion (Page-614), Feedback Control Systems (Page-818),  0aTelecommunication Engineering